000 00567nam a2200157 a 4500
001 000032304
005 20200930063613.0
008 110714s2012 dr 000 0 spa d
020 _a9789945453225
040 _aDO-SdBNP
_bspa
_cBNPHU
100 1 _aEstévez Saint-Hilaire, Félix Francisco
_958328
245 1 0 _aNotas sobre historia del derecho dominicano /
_cFélix Francisco Estévez Saint-Hilaire ; editor.
260 _aSanto Domingo :
_bSomos Literatura,
_c2012.
300 _a288 p. :
_bil. ;
_c21 cm.
500 _aIncluye datos biográficos del autor en la solapa
999 _c31795
_d31795